Ипотечное страхование как драйвер роста ипотечного кредитования; Современные научные исследования и инновации; № 6 (50), ч. 3

מידע ביבליוגרפי
Parent link:Современные научные исследования и инновации: научно-практический журнал.— , 2011-
№ 6 (50), ч. 3.— 2015.— [С. 81-85]
מחבר ראשי: Ермушко Ж. А. Жанна Александровна
מחבר תאגידי: Национальный исследовательский Томский политехнический университет (ТПУ) Институт социально-гуманитарных технологий (ИСГТ) Кафедра экономики (ЭКОН)
מחברים אחרים: Теслюк А. Н. Анна Николаевна
סיכום:Заглавие с экрана
В статье рассматривается необходимость и факторы развития ипотечного кредитования. Приводится краткий анализ альтернативных методов разрешения жилищного вопроса для россиян. Дается соответствующая оценка ипотечного страхования как фактора развития ипотечного кредитования.
In article need and factors of development of mortgage lending is considered. The short analysis of alternative methods of permission of a housing question for Russians is provided. The corresponding assessment of mortgage insurance as factor of development of mortgage lending is given.
Режим доступа: по договору с организацией-держателем ресурса
שפה:רוסית
יצא לאור: 2015
סדרה:Экономические науки
נושאים:
גישה מקוונת:http://web.snauka.ru/issues/2015/06/54583
http://elibrary.ru/item.asp?id=24121707
פורמט: אלקטרוני Book Chapter
KOHA link:https://koha.lib.tpu.ru/cgi-bin/koha/opac-detail.pl?biblionumber=644078

MARC

LEADER 00000nla0a2200000 4500
001 644078
005 20250303163221.0
035 |a (RuTPU)RU\TPU\network\9126 
035 |a RU\TPU\network\8951 
090 |a 644078 
100 |a 20151027d2015 k||y0rusy50 ca 
101 0 |a rus 
102 |a RU 
135 |a drcn ---uucaa 
181 0 |a i  
182 0 |a b 
200 1 |a Ипотечное страхование как драйвер роста ипотечного кредитования  |d Mortgage insurance as driver of growth of mortgage lending  |f Ж. А. Ермушко, А. Н. Теслюк 
203 |a Text  |c electronic 
225 1 |a Экономические науки 
300 |a Заглавие с экрана 
320 |a [Библиогр.: с. 85 (10 назв.)] 
330 |a В статье рассматривается необходимость и факторы развития ипотечного кредитования. Приводится краткий анализ альтернативных методов разрешения жилищного вопроса для россиян. Дается соответствующая оценка ипотечного страхования как фактора развития ипотечного кредитования. 
330 |a In article need and factors of development of mortgage lending is considered. The short analysis of alternative methods of permission of a housing question for Russians is provided. The corresponding assessment of mortgage insurance as factor of development of mortgage lending is given. 
333 |a Режим доступа: по договору с организацией-держателем ресурса 
461 |t Современные научные исследования и инновации  |o научно-практический журнал  |d 2011- 
463 |t № 6 (50), ч. 3   |v [С. 81-85]  |d 2015 
510 1 |a Mortgage insurance as driver of growth of mortgage lending  |z eng 
610 1 |a электронный ресурс 
610 1 |a труды учёных ТПУ 
610 1 |a ипотечное кредитование 
610 1 |a ипотечное страхование 
610 1 |a жилищный вопрос 
610 1 |a развитие 
700 1 |a Ермушко  |b Ж. А.  |c экономист  |c доцент Томского политехнического университета, кандидат экономических наук  |f 1965-  |g Жанна Александровна  |3 (RuTPU)RU\TPU\pers\25993  |9 11842 
701 1 |a Теслюк  |b А. Н.  |g Анна Николаевна 
712 0 2 |a Национальный исследовательский Томский политехнический университет (ТПУ)  |b Институт социально-гуманитарных технологий (ИСГТ)  |b Кафедра экономики (ЭКОН)  |3 (RuTPU)RU\TPU\col\18375 
801 2 |a RU  |b 63413507  |c 20151027  |g RCR 
856 4 0 |u http://web.snauka.ru/issues/2015/06/54583 
856 4 0 |u http://elibrary.ru/item.asp?id=24121707 
942 |c CF